Andalucía
Salvato in:
| Autore principale: | |
|---|---|
| Natura: | Libro |
| Lingua: | spagnolo |
| Pubblicazione: |
Barcelona, España
Destino
1958
|
| Serie: | Guías de España
|
| Soggetti: | |
| Tags: |
Aggiungi Tag
Nessun Tag, puoi essere il primo ad aggiungerne!!
|
MARC
| LEADER | 00000nam a2200000 a 4500 | ||
|---|---|---|---|
| 001 | UCZ9139 | ||
| 003 | CL-VaPUC | ||
| 005 | 20230525172948.0 | ||
| 008 | 960301e19580000SP |||||||||||||||||spa|d | ||
| 999 | |c 244717 |d 244715 | ||
| 040 | |c Pontificia Universidad Católica de Valparaíso | ||
| 082 | 0 | 4 | |a 946.8 PEM 1958 |2 21 |
| 100 | 0 | |a Pemán, José María |e author |9 354371 | |
| 245 | 1 | 0 | |a Andalucía |
| 260 | |a Barcelona, España |b Destino |c 1958 | ||
| 300 | |a 570 páginas | ||
| 490 | 0 | |a Guías de España | |
| 583 | |a last modification |c 19960301 00:00:00 |k Rodrigo Vera | ||
| 650 | 0 | |a Historia |9 255047 | |
| 651 | 7 | |a ANDALUCIA |2 CL-VaPUC |9 266221 |z ESPAÑA | |
| 651 | 7 | |a SEVILLA |2 CL-VaPUC |9 354372 |z ESPAÑA | |
| 651 | 0 | |a Córdoba |z ESPAÑA |9 267665 | |
| 651 | 7 | |a MALAGA |2 CL-VaPUC |9 354373 |z ESPAÑA | |
| 651 | 7 | |a GRANADA |2 CL-VaPUC |9 354374 |z ESPAÑA | |
| 852 | |a BIBCUR | ||
| 942 | |c BK |2 ddc | ||
| 945 | |d 19960301 00:00:00 |a rleighto | ||
| 952 | |0 0 |1 0 |2 ddc |4 0 |6 946_800000000000000_PEM_1958 |7 0 |8 A |9 258885 |a BIBHIS |b BIBHIS |d 2019-11-19 |i 3173216 |o 946.8 PEM 1958 |p 3173216 |r 2025-01-20 |t 1 |w 2019-11-19 |y BK |k HIS | ||